Key data (Record no. 106738)

MARC details
000 -LEADER
fixed length control field 00698cam a2200193 4500
001 - CONTROL NUMBER
control field L137337
008 - FIXED-LENGTH DATA ELEMENTS--GENERAL INFORMATION
fixed length control field 070329s2007 xxk f 000 0 eng d
035 ## - SYSTEM CONTROL NUMBER
System control number (Sirsi) u137337
041 0# - LANGUAGE CODE
Language code of text/sound track or separate title eng
245 00 - TITLE STATEMENT
Title Key data
Remainder of title occupiers
260 ## - PUBLICATION, DISTRIBUTION, ETC.
Date of publication, distribution, etc. 2007
490 #0 - SERIES STATEMENT
Series statement EuroProperty
Volume/sequential designation 19 March 2007, 41(1)
520 ## - SUMMARY, ETC.
Summary, etc. Reports the Milan and Rome occupier markets to have had a year of relative stability due in part to relocations. Reports a sharp rise for Dublin office rents. Table shows prime European rents and yields for the major centres.
590 ## - LOCAL NOTE (RLIN)
Local note KA
651 #4 - SUBJECT ADDED ENTRY--GEOGRAPHIC NAME
Geographic name ITALY
651 #4 - SUBJECT ADDED ENTRY--GEOGRAPHIC NAME
Geographic name DUBLIN
690 ## - LOCAL SUBJECT ADDED ENTRY--TOPICAL TERM (OCLC, RLIN)
Topical term or geographic name as entry element PROPERTY-COMMERCIAL PROPERTY-OFFICE PROPERTY-OFFICE PROPERTY MARKET
942 ## - ADDED ENTRY ELEMENTS (KOHA)
Suppress in OPAC 0
Holdings
Withdrawn status Lost status Source of classification or shelving scheme Damaged status Not for loan Home library Current library Shelving location Date acquired Total Checkouts Full call number Barcode Date last seen Copy number Price effective from Koha item type
    Dewey Decimal Classification     London London Journal article 29/03/2007   L137337 137337-1001 06/08/2019 1 06/08/2019 Journal article